00469nam a2200133Ia 4500008004100000245011100041260004800152260000900200300000900209500001000218650001600228999001900244952007200263170224s9999 xx 000 0 und d aBothered by abstractness or engaged by cohesion? Experts’ explanations enhance novices’ deep-learning. bJournal of Experimental Psychology: Applied c2015 a21:1 aMarch xPsychology. c316397d316397 001040aCLbCLd2017-02-24l0r2017-02-24 00:00:00w2017-02-24ySE